La fe cristiana en el Dios Trino y Uno (Registro nro. 64821)
[ vista simple ]
| 000 -LÍDER | |
|---|---|
| Campo fijo de descripción fija | 01147nas a22002054i 4500 |
| 001 - NÚMERO DE CONTROL | |
| Campo de control | 768714001 |
| 003 - IDENTIFICADOR DEL NÚMERO DE CONTROL | |
| Campo de control | CO-MdFUSB |
| 005 - FECHA Y HORA DE LA ULTIMA TRANSACCIÓN | |
| control field | 20190215162410.0 |
| 008 - ELEMENTOS DE LONGITUD FIJA -- INFORMACIÓN GENERAL | |
| Campo fijo de descripción fija -- Información general | 190215s1995 sp ||||| |||| 00| 0 spa d |
| 022 ## - NÚMERO INTERNACIONAL NORMALIZADO PARA PUBLICACIONES SERIADAS | |
| Número Internacional Normalizado para Publicaciones Seriadas | 0210-104 |
| 040 ## - FUENTE DE CATALOGACIÓN | |
| Agencia que realiza la transcripción | CO-MdFUSB |
| Agencia que realiza la modificación | CO-MdFUSB |
| Agencia Catalogadora | CO-MdFUSB |
| Idioma de catalogación | spa |
| 041 ## - CÓDIGO DE IDIOMA | |
| Código de idioma para texto/pista de sonido o título separado | spa |
| 100 ## - ASIENTO PRINCIPAL--NOMBRE PERSONAL | |
| Nombre personal | Häring, Hermann |
| Término relacionador | autor |
| 245 03 - TÍTULO | |
| Título | La fe cristiana en el Dios Trino y Uno |
| Mención de responsabilidad | / Hemann Häring |
| 300 ## - DESCRIPCIÓN FÍSICA | |
| Extensión | Número 258 (1995), páginas 237-252 |
| Dimensiones | : 21 cm |
| 520 ## - NOTA DE RESUMEN, ETC. | |
| Nota de sumario, etc. | Las bibliotecas están llenas de obras sobre la fe cristiana en el Dios trino y uno. Comenzaron a escribirse en el siglo II de nuestra era y no han dejado de escribirse hasta el momento presente. Todos los grandes teólogos han hablado sobre el tema. A la vista del diálogo interreligioso, el debate ha entrado en una nueva fase. Vamos a estudiar en el presente artículo los malentendidos y quizá las ilegítimas provocaciones que contiene la fe en el Dios trino y uno. |
| 650 #7 - ASIENTO SECUNDARIO DE MATERIA - TERMINO TEMÁTICO | |
| 9 (RLIN) | 178 |
| Término temático o nombre geográfico como elemento de entrada | Dios |
| 773 0# - ASIENTO DE ITEM FUENTE | |
| Biblionumber | 49450 |
| Itemnumber | 60422 |
| Otro identificador del ítem | R0850 |
| Título | Revista internacional de teología Concilium |
| Número de control del registro | (CO-MdFUSB)8 |
| Número Internacional Normalizado para Publicaciones Seriadas (ISSN) | 0210-1041 |
| Parte(s) relacionada(s) / Volumen., número. (mes año), páginas | Número 258 (1995), páginas 237-252 |
| Enumeración y primera página | Página 237 |
| 942 ## - TIPO DE MATERIAL (KOHA) | |
| Tipo de Item KOHA | Artículos de Revista |
| Expurgo - (Retirado) | Estado de Perdido | Estado de Dañado | No prestable | Colección | Ubicación habitual | Ubicación actual | Fecha de Adquisición | Tipo de Material |
|---|---|---|---|---|---|---|---|---|
| Colección Audiovisual | Biblioteca FUSBC | Biblioteca FUSBC | 15/02/2019 | Artículos de Revista |
